000 00976cam a2200157 4500500
005 20260208010237.0
041 _afre
042 _adc
100 1 0 _avon Bueltzingsloewen, Isabelle
_eauthor
245 0 0 _aEugénisme et restrictions
260 _c2005.
500 _a73
520 _aIn a context marked by a very acute food shortage, 40.000 insane people died of hunger in French asylums between 1940 and 1945. In which way has the most negative perception of mentally ill which dominates in the French population on the eve of the war contributed to this tragedy ? That is the most delicate question we deal with in this paper, which focuses on the analysis of the attitude of the psychiatrists often accused of having abandoned their patients to their fate.
786 0 _nRevue d’Histoire de la Shoah | 183 | 2 | 2005-10-19 | p. 389-402 | 2111-885X
856 4 1 _uhttps://shs.cairn.info/revue-d-histoire-de-la-shoah-2005-2-page-389?lang=fr&redirect-ssocas=7080
999 _c1655717
_d1655717